000 01591 a2200193 4500
003 OSt
005 20250422094553.0
008 240424b |||||||| |||| 00| 0 eng d
020 _a9789332551954
100 _aShaw, M.and Garlan,D.
_9206332
245 _aSoftware Architecture: Perspectives on an Emerging Discipline
260 _bPearson Education
_c2015
_aNoida
300 _a242pp.
520 _aTable of Content 1. Introduction. 2. Architectural Styles. 3. Case Studies. 4. Shared Information Systems. 5. Architectural Design Guidance. 6. Formal Models and Specifications. 7. Linguistic Issues. 8. Tools for Architectural Design. 9. Education of Software Architects. Salient Features constructs an organizational framework for a course that: teaches how to understand and evaluate the design of existing software systems from an architectural perspective. provides the intellectual building blocks for designing new systems in principled ways using well-understood architectural paradigms. shows how formal notations and models can be used to characterize and reason about a system design. presents concrete examples of actual system architectures that can serve as models for new designs. will allow instructors to add innovative material to existing courses. emphasizes informal descriptions, touching lightly on formal notations and specifications, and the tools that support them.
650 _aSoftware Architecture
_9206333
650 _a Architectural Design
_9206334
650 _aArchitectural Styles
_9206335
942 _2ddc
_cBK
999 _c357786
_d357786